| 000 | 00487pam a2200181 a 4500 | ||
|---|---|---|---|
| 020 |
_a8125024999 _c695.00 |
||
| 041 |
_aeng _hNULL |
||
| 082 |
_a618.2 _bRAT/RAO |
||
| 100 | _aRATNMAM, S . | ||
| 245 |
_aOBSTETRICS & GYNAECOLOGY FOR POST GRADUATES VOL-2 / _cNULL. _hTextual Documents |
||
| 260 |
_aNULL : _bORIENT LONGMAN , _c2003. |
||
| 300 |
_a456 : _bXI ; _cNULL . |
||
| 365 | _a695.00 | ||
| 700 | _aRAO, K . | ||
| 930 | _a1454 | ||
| 999 |
_c795990 _d795990 |
||
| 650 | _aOBST.GYNE | ||